| 000 | 00740nam a22002177a 4500 | ||
|---|---|---|---|
| 005 | 20120911144733.0 | ||
| 008 | 120911t xxu||||| |||| 00| 0 eng d | ||
| 010 | _aENG-105847 | ||
| 020 |
_a9788190975865 _c150.00 |
||
| 035 | _aEN-89380 | ||
| 037 | _bDBAD/PUB | ||
| 040 |
_aDPL _bEnglish |
||
| 082 | _a881 | ||
| 100 |
_aSood, Jitender _952220 |
||
| 245 |
_aFall of autumn leaves / _cby Jitender Sood |
||
| 260 |
_aNew Delhi _bPansy Books _c2012 |
||
| 270 |
_aRZ-66/A, Somesh Vihar, Chhawla _bNew Delhi _e110071 _mpansybooks_g@yahoo.co.in |
||
| 300 |
_a80 p. _c18 cm(pbk) |
||
| 942 |
_2ddc _cEN _h881 _mSOO |
||
| 999 |
_c69884 _d69884 |
||